La Liga Champions Goalkeepers - Statistics

General Stats
  • This quiz has been taken 621 times
    12 since last reset
  • The average score is 11 of 38
Answer Stats
Goalkeeper % Correct
Andriy Lunin
100%
Iker Casillas
100%
Jan Oblak
100%
Keylor Navas
100%
Marc-André ter Stegen
100%
Thibaut Courtois
100%
Víctor Valdés
100%
Claudio Bravo
92%
Joan García
83%
Andoni Zubizarreta
67%
Iñaki Peña
67%
Santiago Cañizares
50%
Miguel Reina
17%
Bodo Illgner
8%
Francisco Buyo
8%
José Molina
8%
Juanito Alonso
8%
Rodri
8%
Abelardo
0%
Andrés Junquera
0%
Antonio Betancort
0%
Antoni Ramallets
0%
Carmelo Cedrún
0%
Edgardo Madinabeytia
0%
Jacques Songo'o
0%
José Araquistáin
0%
José Manuel Ochotorena
0%
Luis Arconada
0%
Manuel Pazos
0%
Marcel Domingo
0%
Mariano García Remón
0%
Miguel Ángel
0%
Pacheco Gómez
0%
Rogelio Domínguez
0%
Ruud Hesp
0%
Salvador Sadurní
0%
Urruti
0%
Vicente Train
0%
No matching quizzes found
Score Distribution
Percent of People with Each Score
Percentile by Number Answered
Your Score History
You have not taken this quiz since the last reset